| 000 | 01475nam0a22003131 4500 | ||
|---|---|---|---|
| 001 | rc\451750 | ||
| 005 | 20260407211914.0 | ||
| 021 |
_aRU _b90-РК-6637/19 |
||
| 035 | _a(NLR Aleph) 008752124 | ||
| 090 |
_a7813775 _c7813775 |
||
| 100 | _a20030616d1988 |||y0rusy50 ca | ||
| 101 | 0 | _arus | |
| 102 | _aRU | ||
| 105 | _ay z|||||||| | ||
| 200 | 1 |
_aЧТЕНИЕ в вашей жизни _e(по итогам социологического исследования в городах РСФСР) _eматериалы к обсуждению _e[сборник статей] _fМ-во культуры РСФСР, Отрасл. социол. служба, Гос. б-ка СССР им. В.И. Ленина |
|
| 210 |
_aМосква _cб.и. _d1988 |
||
| 215 |
_a65 с. _d20 |
||
| 606 | 1 |
_aЧтение _jСборники _xСоциологические исследования _91947132 _3RU\NLR\AUTH\661178139 |
|
| 686 | 0 |
_aч735.112я43 _2rubbk |
|
| 686 | 0 |
_aС556.567я43 _2rubbk |
|
| 712 | 0 | 1 |
_aРСФСР _bМинистерство культуры _bОтраслевая социологическая служба _9776963 _3RU\NLR\AUTH\8810141040 |
| 712 | 0 | 2 |
_4570 _aГосударственная библиотека СССР им. В. И. Ленина _9302659 _3RU\NLR\AUTH\8814673 |
| 801 | 0 |
_aRU _bNLR _gpsbo |
|
| 801 | 1 |
_aRU _bELAR _2rusmarc |
|
| 801 | 2 |
_aRU _bNLR _c20120703 _2rusmarc |
|
| 852 |
_aNLR _j90-4/12795 |
||
| 852 |
_aNLR _j8155/Ч-773 |
||
| 942 | _cBOOK | ||
| 980 | _aNB | ||